Hardscaping : (Record no. 353798)

000 -LEADER
fixed length control field 01364cam a22003374a 4500
001 - CONTROL NUMBER
control field 14078990
003 - CONTROL NUMBER IDENTIFIER
control field OSt
005 - DATE AND TIME OF LATEST TRANSACTION
control field 20180116192418.0
008 - FIXED-LENGTH DATA ELEMENTS--GENERAL INFORMATION
fixed length control field 050818s2006 nyua 001 0 eng
010 ## - LIBRARY OF CONGRESS CONTROL NUMBER
LC control number 2005024127
020 ## - INTERNATIONAL STANDARD BOOK NUMBER
International Standard Book Number 1402718764
020 ## - INTERNATIONAL STANDARD BOOK NUMBER
International Standard Book Number 9781402718762
035 ## - SYSTEM CONTROL NUMBER
System control number (OCoLC)ocm61309366
035 ## - SYSTEM CONTROL NUMBER
System control number (OCoLC)61309366
040 ## - CATALOGING SOURCE
Original cataloging agency DLC
Transcribing agency DLC
Modifying agency IG#
-- BAKER
-- OCO
-- VP@
-- QBX
-- DLC
042 ## - AUTHENTICATION CODE
Authentication code pcc
050 00 - LIBRARY OF CONGRESS CALL NUMBER
Classification number SB473
Item number .D393 2006
082 00 - DEWEY DECIMAL CLASSIFICATION NUMBER
Classification number 717
Edition number 22
100 1# - MAIN ENTRY--PERSONAL NAME
Personal name Davitt, Keith.
9 (RLIN) 6961
245 10 - TITLE STATEMENT
Title Hardscaping :
Remainder of title how to use structures, pathways, patios & ornaments in your garden /
Statement of responsibility, etc. Keith Davitt.
260 ## - PUBLICATION, DISTRIBUTION, ETC.
Place of publication, distribution, etc. New York :
Name of publisher, distributor, etc. Sterling Pub. Co.,
Date of publication, distribution, etc. c2006.
300 ## - PHYSICAL DESCRIPTION
Extent 255 p. :
Other physical details col. ill. ;
Dimensions 26 cm.
650 #0 - SUBJECT ADDED ENTRY--TOPICAL TERM
Topical term or geographic name entry element Landscape gardening.
9 (RLIN) 6962
650 #0 - SUBJECT ADDED ENTRY--TOPICAL TERM
Topical term or geographic name entry element Garden structures.
9 (RLIN) 6963
856 41 - ELECTRONIC LOCATION AND ACCESS
Materials specified Table of contents only
Uniform Resource Identifier <a href="http://www.loc.gov/catdir/toc/ecip0517/2005024127.html">http://www.loc.gov/catdir/toc/ecip0517/2005024127.html</a>
856 42 - ELECTRONIC LOCATION AND ACCESS
Materials specified Publisher description
Uniform Resource Identifier <a href="http://www.loc.gov/catdir/enhancements/fy0623/2005024127-d.html">http://www.loc.gov/catdir/enhancements/fy0623/2005024127-d.html</a>
906 ## - LOCAL DATA ELEMENT F, LDF (RLIN)
a 7
b cbc
c orignew
d 1
e ecip
f 20
g y-gencatlg
942 ## - ADDED ENTRY ELEMENTS (KOHA)
Source of classification or shelving scheme
Koha item type Book
Holdings
Withdrawn status Lost status Source of classification or shelving scheme Damaged status Not for loan Permanent Location Current Location Date acquired Total Checkouts Total Renewals Full call number Barcode Date last seen Date last checked out Cost, replacement price Price effective from Koha item type
          School of Art Design and Architecture (SADA) School of Art Design and Architecture (SADA) 06/20/2013 3 2 717 DAV 2006 SADA0002057 11/24/2015 10/28/2015 1722.04 08/16/2013 Book
© 2023 Central Library, National University of Sciences and Technology. All Rights Reserved.